000 02558naa a2200313 4500
005 20120105163717.0
010 _aB-470382-390
020 _a9789380848129
_c$ 4.95 Rs. 125.00
035 _aB-470382-390
037 _bBlue Berry/Ven
082 _a940.5318092
100 _aFrank, Anne
_952796
245 1 _aThe diary of a young girl /
_cby Anne Frank
260 _aNew Delhi
_bBlueberry Books
_c2011
270 _a4675 A /21, Ansari Road, Darya Ganj
_bNew Delhi
_e110002
300 _a389p.
_c20cm(Pbk)
490 _aComplete and unabridged
_952797
942 _adpl
_cEN
_2ddc
_mFRA
_h940.5318092
999 _c60396
_d60396